000 00881nac a22002771ia4500
003 EG-ScBUE
005 20250723084556.0
008 250716t1990 sz a f b 001 0 eng d
020 _a0914168541
040 _aEG-ScBUE
_beng
_erda
_cEG-ScBUE
_dEG-ScBUE
082 0 4 _a541.34
_bGEI
_222
245 0 0 _aGeigy scientific tables /
_bedited by C. Lentner.
250 _aEight, revised and enlarged edition.
264 1 _aBasle :
_bCiba-Geigy,
_c[1990]
264 4 _cc1990
300 _a5 volumes :
_billustrations ;
_c22 cm
336 _2rdacontent
_atext
_btxt
337 _aunmediated
_2rdamedia
_bn
338 _avolume
_bnc
_2rdacarrier
504 _aIncludes bibliographical references and index.
650 7 _aScience
_xTables.
_2BUEsh
655 _vReading book
700 1 _4Lentner, C.
_q(Cornelius),
_eeditor.
942 _cBB
_2ddc
999 _c3030
_d3030